000
00350 a2200169 4500
001
183601
020
_a
978-85-08-15827-0
040
_c
Magnum
100
_a
Dupré, Maria José
240
1
0
_a
Éramos seis
_l
por
245
1
0
_a
Éramos seis
300
_a
293
362
0
_a
2013
440
1
_a
Ática
697
_a
LITERATURA JUVENIL
942
_c
BK
999
_c
183601
_d
183601